| 000 | 01170nam a2200289 i 4500 | ||
|---|---|---|---|
| 001 | 128922 | ||
| 003 | ES-MaACL | ||
| 005 | 20260214172105.0 | ||
| 007 | t| | ||
| 008 | 070530s1966 sp ||||1| spa d | ||
| 080 | _a82-2"19"(082) | ||
| 245 | 0 | 0 |
_aTeatro inglés contemporáneo _b: 1956-62 / _ctradución por Josefina Vidal, Antonio Gobernado y F.M. Lorda Alaiz. |
| 260 |
_a[Madrid] : _bAguilar, _c[1966] |
||
| 300 |
_a515 p. : _bil. ; _c20 cm. |
||
| 505 | 8 | _aContiene: Tarjetas de identidad / Niguel Dennis.-- Un sonoro retintín / N.F. Simpson.-- Lutero / John Osborne.-- La danza del sargento Musgrave / John Arden.-- El conserje / Harold Pinter.-- Patatas fritas a voluntad / Arnold Wesker | |
| 700 | 1 |
_aSimpson, N. F. _9106599 |
|
| 700 | 1 |
_aWesker, Arnold. _9116530 |
|
| 700 | 1 |
_aVidal, Josefina. _9114441 |
|
| 700 | 1 |
_aGobernado, Antonio. _957487 |
|
| 700 | 1 |
_aLorda Alaiz, F. M., _d1918-1992 _974084 |
|
| 700 | 1 |
_aPinter, Harold, _d1930-2008 _992213 |
|
| 700 | 1 |
_aDennis, Nigel. _943725 |
|
| 700 | 1 |
_aArden, John. _922532 |
|
| 700 | 1 |
_aOsborne, John, _d1929-1994 _987727 |
|
| 852 |
_aES-MaACL _jC-31655 _bR.62160 |
||
| 999 |
_c128922 _d128922 |
||